Tree Wizard - Taskmaster - Statistics

General Stats
  • This quiz has been taken 22 times
  • The average score is 58 of 85
Answer Stats
Answer % Correct
a
100%
balloon
100%
balloon
100%
balloon
100%
balloon?
100%
balloon
100%
Tree
100%
Tree
100%
Tree
100%
Tree
100%
Tree
100%
Tree
100%
Tree
100%
Tree
100%
tree
100%
Tree
100%
Tree
100%
Tree
100%
Wizard
100%
Wizard
100%
Wizard
100%
Wizard
100%
Wizard
100%
Wizard
100%
Wizard
100%
Wizard
100%
Wizard
100%
Wizard
100%
Wizard
100%
to
83%
to
83%
to
83%
to
83%
to
83%
he
78%
he
78%
he
78%
he
78%
the
78%
the
78%
the
78%
another
72%
another
72%
his
61%
up
61%
create
56%
goodbye
56%
and
50%
and
50%
Back
50%
creates
50%
dead
50%
do?
50%
from
50%
Hands
50%
Hands
50%
it's
50%
it's
50%
make
50%
together,
50%
will
50%
you
50%
Flies
44%
God,
44%
Holy
44%
my
44%
Oh
44%
waves
44%
what
44%
balloons
39%
check
39%
going
39%
How
39%
is
39%
many
39%
Sh*t,
39%
some
39%
times
39%
checks
33%
double
28%
Has
28%
sure
28%
Position,
17%
Takes
17%
Magical
11%
No matching quizzes found
Score Distribution
Percent of People with Each Score
Percentile by Number Answered
Your Score History
You have not taken this quiz